000 002840000a22000970004500
100 1 _aRice, Craig
245 1 0 _aTraining disciples : Making "Timothys" in Latin America
300 _aVol. 79, Num. 1 (Enero-Marzo, 1999), Páginas 13-14
773 0 _tLatin America Evangelist
942 _cANA
999 _c55169
_d55169